| 000 | 00456cam a2200169ua 4500 | ||
|---|---|---|---|
| 041 |
_aeng _h |
||
| 082 |
_a631.1 _bDEL/AG |
||
| 100 | _aDe Lucia, M . | ||
| 245 |
_aAgricultural engineering in development / _cM De Lucia. _hTextual Documents |
||
| 250 |
_a1 / _b. |
||
| 260 |
_aRome : _bFood and Agriculture organization of United States , _c1994. |
||
| 300 | _a160 ; . | ||
| 504 | _a | ||
| 700 | 1 | _aAssennato, D . | |
| 942 | _cBK | ||
| 999 |
_c8518 _d8518 |
||